000 00510nam a2200193Ia 4500
005 20260429111909.0
008 260429s9999||||xx |||||||||||||| ||und||
020 _a9789360841898
041 _aEnglish
082 _a631.3
_bBHA
100 _aBhatia, Parth
245 0 _aAutomation in agriculture /
_cParth Bhatia
260 _aNew Delhi :
_bWordpen Academics,
_c2025.
300 _aviii, 185 p.; hb
650 _a Automation tools
650 _aAgriculture
700 _a Agarwal, Aditya
942 _cTB
999 _c51323
_d51323